La formación mental (Record no. 42134)

MARC details
000 -LEADER
campo de control de longitud fija 00737nam a2200205 i 4500
001 - NÚMERO DE CONTROL
campo de control 42134
003 - IDENTIFICADOR DE NÚMERO DE CONTROL
campo de control ES-MaACL
005 - FECHA Y HORA DE LA ÚLTIMA TRANSACCIÓN
campo de control 20230906160544.0
007 - CAMPO FIJO DE DESCRIPCIÓN FÍSICA--INFORMACIÓN GENERAL
campo de control de longitud fija t|
008 - DATOS DE LONGITUD FIJA--INFORMACIÓN GENERAL
campo de control de longitud fija 030312s1944 mx ||||1| spa d
100 1# - ENTRADA PRINCIPAL--NOMBRE DE PERSONA
Nombre de persona Castiello, Jaime.
9 (RLIN) 36633
245 13 - MENCIÓN DEL TÍTULO
Título La formación mental
Resto del título : contribución a la investigación experimental de la educación formal /
Mención de responsabilidad, etc. Jaime Castiello ; traducción de Pedro Zuloaga.
260 ## - PUBLICACIÓN, DISTRIBUCIÓN, ETC.
Lugar de publicación, distribución, etc. México :
Nombre del editor, distribuidor, etc. Jus,
Fecha de publicación, distribución, etc. 1944 (
Fabricante Talleres la Editorial Clásica-Hoyos)
300 ## - DESCRIPCIÓN FÍSICA
Extensión 250 p. ;
Dimensiones 21 cm.
490 1# - MENCIÓN DE SERIE
Mención de serie Colección de Estudios Pedagógicos
700 1# - ENTRADA AGREGADA--NOMBRE PERSONAL
Nombre de persona Zuloaga, Pedro.
9 (RLIN) 118467
830 0# - PUNTO DE ACCESO ADICIONAL DE SERIE-TÍTULO UNIFORME
Título uniforme Colección de Estudios Pedagógicos
9 (RLIN) 229814
852 ## - LOCALIZACIÓN
Ubicación ES-MaACL
Número de control de estantería C-4067
Sublocalización o colección R.23721
Holdings
Estatus retirado Estado de pérdida Estado de daño No para préstamo Biblioteca de origen Biblioteca actual Ubicación en estantería Fecha de adquisición Fuente de adquisición Total de préstamos Signatura topográfica completa Código de barras Visto por última vez Precio de reemplazo Tipo de ítem Koha
        Biblioteca del Ateneo de Madrid Biblioteca del Ateneo de Madrid Sala Palomar 17/01/2008     C-4067 1044346 23/02/2023 23/02/2023 Libro impreso